[Event "Tournament (open)"]
[Site "masterchessopen.com – St. Petersburg (Russia)"]
[Date "2011.01.10"]
[Round "8"]
[White "Paliy Vladimir (RUS)"]
[Black "Menovshchikov Mark (RUS)"]
[Result "0-1"]
[WhiteElo "1873"]
[BlackElo "1992"]

1.d4 Nf6 2.c4 g6 3.Nc3 Bg7 4.e4 d6 5.Nf3 O-O 6.Be2 e5 7.O-O Nc6 8.d5 Ne7 9.Ne1
Nd7 10.f3 f5 11.Be3 f4 12.Bf2 Nf6 13.c5 g5 14.cxd6 cxd6 15.Rc1 Ng6 16.Nb5 Rf7
17.Qc2 Ne8 18.Nxa7 Bd7 19.Qb3 h5 20.Nd3 g4 21.Nb5 Qg5 22.Be1 g3 23.Rc2 Qh4
24.h3 Bxh3 25.gxh3 Qxh3 26.Bd1 Nh4 27.Rff2 gxf2+ 28.Rxf2 Bf8 29.Rh2 Rg7+ {#R}
0-1

[Event "Tournament (Elo) \"]
[Site "masterchessopen.com – Warsaw (Poland)"]
[Date "2011.04.18"]
[Round "6"]
[White "Kurowski Andrzej (POL)"]
[Black "Moskwinski Marek (POL)"]
[Result "1-0"]
[WhiteElo "1844"]
[BlackElo "1829"]

1.Nf3 Nf6 2.c4 g6 3.Nc3 Bg7 4.d4 O-O 5.e4 d6 6.Be2 e5 7.O-O Nc6 8.d5 Ne7 9.Ne1
Nd7 10.f3 f5 11.Be3 f4 12.Bf2 Nf6 13.Nd3 Bd7 14.c5 g5 15.Qb3 b6 16.cxd6 cxd6
17.Nb5 Bxb5 18.Qxb5 Qd7 19.Nb4 Qxb5 20.Bxb5 Rfc8 21.Bc6 Nxc6 22.Nxc6 Kf7 23.a4
Nd7 24.a5 Nc5 25.b4 Nd3 26.axb6 Nxf2 27.b7 {#r} 1-0

[Event "Ch Moscow (qual) (KO-System)"]
[Site "masterchessopen.com – Moscow (Russia)"]
[Date "2011.05.18"]
[Round "1"]
[White "Sychev Klementy (RUS)"]
[Black "Ulko Jaroslav (RUS)"]
[Result "0-1"]
[WhiteElo "2389"]
[BlackElo "2475"]

1.d4 Nf6 2.c4 g6 3.Nc3 Bg7 4.e4 d6 5.Nf3 O-O 6.Be2 e5 7.O-O Nc6 8.d5 Ne7 9.Ne1
Nd7 10.f3 f5 11.Be3 f4 12.Bf2 g5 13.Nd3 Ng6 14.c5 Nf6 15.Rc1 Rf7 16.cxd6 cxd6
17.Nb5 g4 18.Qc2 g3 19.hxg3 fxg3 20.Bxg3 Nh5 21.Bf2 Bh6 22.Nc7 Bxc1 23.Rxc1
Rb8 24.Bxa7 Bd7 25.Ne6 Qe8 26.Bxb8 Qxb8 27.Nf2 Ngf4 28.Nxf4 Nxf4 29.Bf1 Rg7
30.Qc7 Qf8 31.Ng4 Bxg4 32.Qc2 Bxf3 {#R} 0-1

[Event "It (open)"]
[Site "masterchessopen.com – Utrecht (Netherlands)"]
[Date "2011.06.05"]
[Round "5"]
[White "Reinderman Dimitri (NED)"]
[Black "Klein David (NED)"]
[Result "1-0"]
[WhiteElo "2594"]
[BlackElo "2359"]

1.c4 Nf6 2.Nf3 g6 3.Nc3 Bg7 4.e4 d6 5.d4 O-O 6.Be2 e5 7.O-O Nc6 8.d5 Ne7 9.Ne1
Nd7 10.f3 f5 11.Be3 f4 12.Bf2 g5 13.Rc1 Rf6 14.Nd3 Rg6 15.c5 Nf6 16.cxd6 cxd6
17.Nb5 g4 18.Nc7 g3 19.Nxa8 Nh5 20.Qb3 Bh3 21.gxh3 gxf2+ 22.Kh1 Ng3+ 23.hxg3
Rxg3 24.Nxf2 Ng6 25.Qxb7 Qh4 26.Qc8+ Bf8 27.Qe6+ Kh8 28.Rc8 Kg7 29.Nc7 {#r}
1-0

[Event "It \"]
[Site "masterchessopen.com – Philadelphia (USA)"]
[Date "2011.07.03"]
[Round "6"]
[White "Sarkar Justin (USA)"]
[Black "Most Eric (USA)"]
[Result "1-0"]
[WhiteElo "2377"]
[BlackElo "2133"]

1.d4 Nf6 2.c4 g6 3.Nc3 Bg7 4.e4 d6 5.Nf3 O-O 6.Be2 e5 7.O-O Nc6 8.d5 Ne7 9.Ne1
Nd7 10.f3 f5 11.Be3 f4 12.Bf2 g5 13.Rc1 Rf6 14.Nd3 Rh6 15.c5 Qe8 16.Nb5 Qh5
17.h4 Ng6 18.g3 fxg3 19.Bxg3 Nf4 20.Nxc7 Qg6 21.Kf2 gxh4 22.Bxf4 exf4 23.Nxf4
Qg3+ 24.Ke3 dxc5 25.Nce6 Rxe6 26.Nxe6 Bh6+ 27.Kd3 Qd6 28.Rc3 b5 29.Rg1+ Kh8
30.Kc2 c4 31.Qd4+ Qe5 32.Nd8 {#r} 1-0

[Event "Ch Spain (team) (2 div) (gr.1)"]
[Site "masterchessopen.com – Padrun (Spain)"]
[Date "2011.08.11"]
[Round "3"]
[White "Adla Diego (ARG)"]
[Black "Paramos Dominguez Roberto (ESP)"]
[Result "0-1"]
[WhiteElo "2499"]
[BlackElo "2418"]

1.d4 Nf6 2.c4 g6 3.Nc3 Bg7 4.e4 d6 5.Be2 O-O 6.Nf3 e5 7.O-O Nc6 8.d5 Ne7 9.Ne1
Nd7 10.f3 f5 11.g4 Nf6 12.Kh1 fxg4 13.fxg4 Nxg4 {#R} 0-1

[Event "Tournament (Elo) \"]
[Site "masterchessopen.com – Warsaw (Poland)"]
[Date "2011.11.08"]
[Round "7"]
[White "Kurowski Andrzej"]
[Black "Sawicki Wojciech"]
[Result "1-0"]
[WhiteElo "1844"]
[BlackElo "1759"]

1.Nf3 Nf6 2.c4 g6 3.Nc3 Bg7 4.e4 d6 5.d4 O-O 6.Be2 e5 7.O-O Nc6 8.d5 Ne7 9.Ne1
Nd7 10.f3 f5 11.g4 Kh8 12.Nd3 Ng8 13.Bd2 Bh6 14.b4 fxg4 15.Bxh6 Nxh6 16.fxg4
Rxf1+ 17.Qxf1 Nb6 18.Nf2 Qg5 19.c5 dxc5 20.bxc5 Qe3 21.cxb6 Qxc3 22.Rc1 Qe3
23.bxc7 Nxg4 24.Rd1 Bd7 25.Kg2 Nf6 26.Bf3 Kg7 27.Qd3 Qb6 28.d6 Bc6 29.Ng4 Nh5
30.Qc3 Nf4+ 31.Kh1 Re8 32.Nxe5 {#r} 1-0

[Event "Tournament (team)"]
[Site "masterchessopen.com – Criciuma (Brazil)"]
[Date "2011.11.13"]
[Round "3"]
[White "De Oliveira Diogo Luiz"]
[Black "Umetsubo Cesar (BRA)"]
[Result "0-1"]
[WhiteElo "1953"]
[BlackElo "2203"]

1.c4 Nf6 2.Nc3 g6 3.e4 d6 4.d4 Bg7 5.Nf3 O-O 6.Be2 e5 7.O-O Nc6 8.d5 Ne7 9.Ne1
Nd7 10.f3 f5 11.Be3 f4 12.Bf2 h5 13.b4 g5 14.c5 Nf6 15.cxd6 cxd6 16.Rc1 Ng6
17.Nb5 Rf7 18.Qc2 Ne8 19.a4 g4 20.a5 a6 21.Bb6 Qh4 22.Na3 g3 23.h3 Bxh3
24.gxh3 Qxh3 25.Bd1 Rc8 26.Bc5 dxc5 27.Qd2 cxb4 28.Nc4 Bf8 29.Nd3 Rfc7 30.Bb3
Nd6 {#R} 0-1

[Event "Ch England (team) 2011/12 (3 div)"]
[Site "masterchessopen.com – England"]
[Date "2012.02.12"]
[Round "5"]
[White "Scott Gordon W (ENG)"]
[Black "Iyengar Ilya (ENG)"]
[Result "0-1"]
[WhiteElo "2034"]
[BlackElo "1977"]

1.d4 Nf6 2.c4 g6 3.Nc3 Bg7 4.e4 d6 5.Nf3 O-O 6.Be2 e5 7.O-O Nc6 8.d5 Ne7 9.Ne1
Nd7 10.f3 f5 11.g4 Kh8 12.h4 Ng8 13.Ng2 Bh6 14.exf5 Bxc1 15.Rxc1 gxf5 16.Bd3
Nc5 17.Bb1 a5 18.Qc2 Qe7 19.Qe2 Qg7 20.Ne3 Nh6 21.g5 f4 22.Ng2 Nf5 23.Bxf5
Bxf5 24.Rcd1 h6 25.gxh6 Qxh6 26.Kh1 Rg8 27.Rg1 Rg3 {#R} 0-1

[Event "It (cat.3)"]
[Site "masterchessopen.com – St. Lo (France)"]
[Date "2012.07.13"]
[Round "8"]
[White "Ornstein Axel (SWE)"]
[Black "Bouget Alexandre (FRA)"]
[Result "0-1"]
[WhiteElo "2392"]
[BlackElo "2202"]

1.c4 Nf6 2.Nc3 g6 3.e4 d6 4.d4 Bg7 5.Nf3 O-O 6.Be2 e5 7.O-O Nc6 8.d5 Ne7 9.Ne1
Nd7 10.f3 f5 11.g4 Nf6 12.Ng2 Bd7 13.Bd2 Qc8 14.exf5 gxf5 15.g5 Ne8 16.f4 c6
17.Rc1 cxd5 18.Nxd5 Nxd5 19.cxd5 Qd8 20.Kh1 Kh8 21.Bc3 Nc7 22.a4 a5 23.Ne3 b5
24.b3 Ra7 25.Bd3 Qa8 26.Kg1 bxa4 27.fxe5 Nxd5 28.Nxf5 Bxf5 29.Rxf5 Rxf5
30.Bxf5 Ne3 {#R} 0-1

[Event "It (open)"]
[Site "masterchessopen.com – Avoine (France)"]
[Date "2012.07.22"]
[Round "2"]
[White "Dupont Arthur (FRA)"]
[Black "Soyer Jean-Yves (FRA)"]
[Result "0-1"]
[WhiteElo "1850"]
[BlackElo "2056"]

1.d4 Nf6 2.c4 g6 3.Nc3 Bg7 4.e4 d6 5.Nf3 O-O 6.Be2 e5 7.O-O Nc6 8.d5 Ne7 9.Ne1
Nd7 10.f3 f5 11.Be3 f4 12.Bf2 g5 13.Nd3 Nf6 14.b4 Ng6 15.Qb3 g4 16.Rfc1 g3
17.hxg3 fxg3 18.Bxg3 Nh5 19.Bf2 Ngf4 20.Nxf4 Nxf4 21.Kf1 Bh6 22.Rc2 Qg5 23.g3
Bh3+ 24.Ke1 Ng2+ 25.Kd1 Ne3+ 26.Bxe3 Qxe3 27.Rb1 Qd4+ {#R} 0-1

[Event "It (open)"]
[Site "masterchessopen.com – Condino (Italy)"]
[Date "2012.07.24"]
[Round "3"]
[White "Brun Dario (ITA)"]
[Black "Forno Roberto (ITA)"]
[Result "1-0"]
[WhiteElo "2262"]
[BlackElo "1883"]

1.d4 d6 2.e4 g6 3.c4 Bg7 4.Nc3 Nf6 5.Nf3 O-O 6.Be2 Nc6 7.O-O e5 8.d5 Ne7 9.Ne1
Nd7 10.f3 f5 11.Be3 f4 12.Bf2 g5 13.a4 Nf6 14.c5 h5 15.a5 h4 16.cxd6 cxd6
17.Nb5 h3 18.Bxa7 hxg2 19.Nxg2 Rxa7 20.Nxa7 Bh3 21.Ra3 Bxg2 22.Kxg2 Ng6 23.Kh1
Qd7 24.Nb5 g4 25.fxg4 Nxg4 26.Bxg4 Qxb5 27.Be6+ Kh7 28.Qh5+ Bh6 29.Rg1 Rf6
30.Rh3 Nf8 31.Bf5+ {#r} 1-0

[Event "It \"]
[Site "masterchessopen.com – Helsingor (Denmark)"]
[Round "5"]
[White "Larsen Mikael (DEN)"]
[Black "Cherednichenko Svetlana (UKR)"]
[Result "0-1"]
[WhiteElo "2067"]
[BlackElo "2293"]

1.d4 Nf6 2.c4 g6 3.Nc3 Bg7 4.e4 d6 5.Be2 O-O 6.Nf3 e5 7.O-O Nc6 8.d5 Ne7 9.Ne1
Nd7 10.f3 f5 11.Be3 f4 12.Bf2 g5 13.a4 Rf6 14.a5 a6 15.Nd3 Rh6 16.Be1 Nf6
17.b4 Rg6 18.Nf2 h5 19.h3 Kf7 20.c5 g4 21.fxg4 hxg4 22.Nxg4 Bxg4 23.Bxg4 Nxg4
24.hxg4 Qh8 25.Qf3 Bf6 26.Kf2 Rag8 27.Ke2 Rxg4 28.Bf2 Rxg2 29.Rh1 Bh4 30.Rag1
Rxf2+ 31.Qxf2 Bxf2 32.Rxh8 Bxg1 {#R} 0-1

[Event "Ch Germany (juniors) (team)"]
[Site "masterchessopen.com – Hannover (Germany)"]
[Date "2012.09.30"]
[Round "3"]
[White "Krassowizkij Jaroslaw (GER)"]
[Black "Raum Sebastian (GER)"]
[Result "1-0"]
[WhiteElo "2402"]
[BlackElo "2151"]

1.d4 Nf6 2.c4 g6 3.Nc3 Bg7 4.e4 d6 5.Nf3 O-O 6.Be2 e5 7.O-O Nc6 8.d5 Ne7 9.Ne1
Nd7 10.f3 f5 11.Be3 f4 12.Bf2 g5 13.a4 Rf7 14.a5 Ng6 15.b4 Bf8 16.Nb5 a6
17.Na7 Rxa7 18.Bxa7 h5 19.c5 Nf6 20.c6 Rg7 21.cxb7 Bxb7 22.b5 Bc8 23.b6 g4
24.Qb3 cxb6 25.axb6 g3 26.Bxa6 Bd7 27.b7 Nh7 28.Kh1 Qh4 29.Bg1 Ng5 30.b8=Q Nh3
31.Q3b6 {#r} 1-0